Sports Quiz

Random Sports or Europe Quiz

Fill in the Blank - English Football Clubs Quiz Stats

 Plays Quiz Updated Jun 26, 2020

Support Sporcle.
Go Orange.
Score 0/32 Timer 03:00
1 Play Today
% Correct
CRY
92.9%
NCH
92.8%
HAM
92.4%
IFF
92.3%
SHE
92.1%
STO
92.1%
LSE
91.5%
LEE
91.5%
SWI
90.6%
OKE
90.4%
ULL
90.3%
BRO
90.1%
IEL
90%
CKB
89.3%
RBY
89%
ATF
88.5%
% Correct
ILL
88%
REA
87.9%
LEY
87%
ING
86.3%
END
86.1%
OVE
85.8%
PLY
85%
BUR
84.1%
TFO
84%
ROU
83.3%
GIL
81.5%
ORI
80.7%
EWE
80.4%
RTO
80%
NLE
79.5%
UNT
77.8%

You're not logged in!

Compare scores with friends on all Sporcle quizzes.
OR
Log In

From the Vault

Was That the Last?

by chaosBEE

Sometimes coming in last is a good thing.
Remove Ads.
Support Sporcle.
Get the best of Sporcle when you Go Orange. This ad-free experience offers more features, more stats, and more fun while also helping to support Sporcle. Thank you for becoming a member.

Show Comments

Extras

Top Quizzes Today


Score Distribution

Your Account Isn't Verified!

In order to create a playlist on Sporcle, you need to verify the email address you used during registration. Go to your Sporcle Settings to finish the process.

Report this User

Report this user for behavior that violates our Community Guidelines.

Details: